La España musulmana
Saved in:
| Hovedforfatter: | |
|---|---|
| Format: | Bog |
| Sprog: | spansk |
| Udgivet: |
Madrid
Akal
1990
|
| Serier: | Colección Historia del Mundo para Jóvenes, 19
|
| Fag: | |
| Tags: |
Tilføj Tag
Ingen Tags, Vær først til at tagge denne postø!
|
MARC
| LEADER | 00000nam a2200000 a 4500 | ||
|---|---|---|---|
| 001 | UCO1408 | ||
| 003 | CL-VaPUC | ||
| 008 | 000512e19900000SP |||||||||||||||||spa|d | ||
| 082 | 0 | 4 | |a 946 |b TOW |2 21 |
| 100 | 0 | |a Townson, Duncan |e author |9 443488 | |
| 245 | 1 | 3 | |a La España musulmana |
| 300 | |a 48 p | ||
| 942 | |c BK | ||
| 945 | |d 20000512 00:00:00 |a rbrito | ||
| 260 | |a Madrid |b Akal |c 1990 | ||
| 650 | 7 | |a MUSULMANES ESPAÑOLES |2 CL-VaPUC |9 443489 | |
| 650 | 0 | |a Historia |9 255047 | |
| 650 | 0 | |a Árabes españoles |9 443490 | |
| 650 | 0 | |a Historia |9 255047 | |
| 651 | 0 | |a España |9 254926 | |
| 583 | |a last modification |c 20000512 00:00:00 |k Rodrigo Vera | ||
| 490 | 0 | |a Colección Historia del Mundo para Jóvenes, 19 | |
| 999 | |c 288031 |d 288029 | ||
| 952 | |0 0 |1 0 |4 0 |6 946_000000000000000_TOW_1990 |7 0 |8 A |9 335201 |a BIBHIS |b BIBHIS |d 2019-11-20 |i 362207K |o 946 TOW 1990 |p 362207K |r 2025-01-20 |w 2019-11-20 |y BK |k HIS | ||